|
|
|
|
| LEADER |
00000nam0a2200000 4500 |
| 001 |
164328 |
| 005 |
20231101222451.0 |
| 035 |
|
|
|a (RuTPU)RU\TPU\book\178281
|
| 090 |
|
|
|a 164328
|
| 100 |
|
|
|a 20090904d2007 km y0rusy50 ca
|
| 101 |
0 |
|
|a rus
|
| 102 |
|
|
|a RU
|
| 105 |
|
|
|a a z 001zy
|
| 200 |
1 |
|
|a Проблемы утилизации и захоронения отходов
|f С. В. Свергузова, В. А. Юрченко, Н. П. Горох
|
| 210 |
|
|
|a Белгород
|c Изд-во БГТУ
|d 2007
|
| 215 |
|
|
|a 167 с.
|c ил.
|
| 320 |
|
|
|a Библиогр.: с. 166.
|
| 330 |
|
|
|a В монографии рассмотрены основные задачи и методы промышленной экологии. Представлены сведения о способах, технологических схемах и применяемых аппаратах для очистки отходящих газов, сточных вод, переработки осадков сточных вод, о проблемах, связанных с накоплением, переработкой и утилизацией бытовых, промышленных и токсичных отходов. В конце каждого раздела приведены вопросы для самостоятельной работы студентов. Монография предназначена для студентов специальности 280201-Охрана окружающей среды и рациональное использование природных ресурсов в помощь при изучении дисциплины «Промышленная экология».
|
| 606 |
1 |
|
|a Бытовые отходы,твердые
|x Утилизация
|2 stltpush
|3 (RuTPU)RU\TPU\subj\30782
|9 53837
|
| 610 |
1 |
|
|a твердые бытовые отходы
|
| 610 |
1 |
|
|a комплексная утилизация
|
| 610 |
1 |
|
|a Белгородская область
|
| 610 |
1 |
|
|a Харьковская область
|
| 610 |
1 |
|
|a отходообращение
|
| 610 |
1 |
|
|a административно-правовое регулирование
|
| 610 |
1 |
|
|a переработка
|
| 610 |
1 |
|
|a захоронение
|
| 610 |
1 |
|
|a полигоны
|
| 610 |
1 |
|
|a промышленные методы
|
| 610 |
1 |
|
|a муниципальные отходы
|
| 610 |
1 |
|
|a нормативно-правовые основы
|
| 610 |
1 |
|
|a окружающая среда
|
| 610 |
1 |
|
|a экология
|
| 610 |
1 |
|
|a охрана
|
| 675 |
|
|
|a 628.4
|v 3
|
| 700 |
|
1 |
|a Свергузова
|b С. В.
|g Светлана Васильевна
|
| 701 |
|
1 |
|a Юрченко
|b В. А.
|g Валентина Александровна
|
| 701 |
|
1 |
|a Горох
|b Н. П.
|g Николай Прохорович
|
| 801 |
|
1 |
|a RU
|b 63413507
|c 20090904
|
| 801 |
|
2 |
|a RU
|b 63413507
|c 20171012
|g RCR
|
| 942 |
|
|
|c BK
|